000 00655nam a2200229Ia 4500
999 _c3504
_d3504
008 251128r20252016xx |||||||||||||| ||und||
020 _a9789355010766
_cRs. 750.00
040 _aKO
_beng
041 0 _aeng
082 0 4 _a657.046
_bSh922
_223
100 1 _aShukla, M. C.
245 1 0 _aAdvanced Accounts, vol. 1/
_cM. C. Shukla, T. S. Grewal and S. C. Gupta
250 _a19th ed.
260 _aNew Delhi :
_bS. Chand ,
_c2016, reprinted 2025
300 _avarious pagination
_b :
_c; 24 cm.
650 0 _aAccounts
_vTextbooks
700 1 _aGrewal, T. S.
_eaut
700 1 _aGupta, S. C.
_eaut
904 _aA_BOSE
942 _cBK
_2ddc